| 000 | 00592nam a2200205 4500 | ||
|---|---|---|---|
| 001 | 46049 | ||
| 010 | _a9788461149964 | ||
| 090 | _a46049 | ||
| 100 | _a20071128d2006 m y0pory5003 ba | ||
| 101 | 1 | _apor | |
| 102 | _aPT | ||
| 200 | 1 |
_aQumrân _eO enigma dos manuscritos do Mar Morto _fEliette Abécassis _gtrad. de Lúcia Liba Mucznik |
|
| 210 |
_a[S.l.] _c(Sic) idea y creación editorial _d2006 |
||
| 215 |
_a317 p _d22 cm |
||
| 225 | 2 | _aEnigmas da História | |
| 675 |
_a860-3 _v2 _zpor |
||
| 700 | 1 |
_aAbécassis _bEliette |
|
| 702 | 1 |
_aMucznik _bLúcia Liba _4730 |
|
| 801 | 0 |
_aPT _bCMPEN _gRPC |
|
| 990 | _cLIVROS | ||